[Event "Oberliga Nord W 2122"]
[Site "Germany"]
[Date "2022.05.01"]
[Round "9.6"]
[White "Othmer, Michael"]
[Black "Beduerftig, Heinrich"]
[Result "1/2-1/2"]
[WhiteElo "1972"]
[BlackElo "2145"]
[PlyCount "38"]
[EventDate "2021.10.10"]
[EventType "team-tourn"]
[EventRounds "9"]
[EventCountry "GER"]
[SourceTitle "EXT 2023"]
[Source "ChessBase"]
[SourceDate "2022.10.05"]
[SourceVersion "1"]
[SourceVersionDate "2022.10.05"]
[SourceQuality "1"]
[WhiteTeam "Salzgitter"]
[BlackTeam "Lehrte"]
[WhiteTeamCountry "GER"]
[BlackTeamCountry "GER"]

1. e4 c5 2. Nf3 Nc6 3. d4 cxd4 4. Nxd4 g6 5. c4 Bg7 6. Be3 Nf6 7. Nc3 0-0 8. Be2 d6 9. 0-0 Bd7 10. f4 Nxd4 11. Bxd4 Bc6 12. Bf3 Nd7 13. Bxg7 Kxg7 14. Qe2 Rc8 15. Rad1 Qc7 16. b3 Qa5 17. Nd5 Bxd5 18. Rxd5 Qc7 19. Re1 Nf6 1/2-1/2

[Event "GER Cup final"]
[Site "Magdeburg"]
[Date "2020.08.20"]
[Round "1"]
[White "Tiarks, Jann Christian"]
[Black "Othmer, Michael"]
[Result "1/2-1/2"]
[WhiteElo "2159"]
[BlackElo "1978"]
[PlyCount "69"]
[EventDate "2020.08.20"]
[EventType "swiss"]
[EventRounds "5"]
[EventCountry "GER"]
[SourceTitle "EXT 2022"]
[Source "ChessBase"]
[SourceDate "2021.10.06"]
[SourceVersion "1"]
[SourceVersionDate "2021.10.06"]
[SourceQuality "1"]

1. e4 g6 2. d4 Bg7 3. Nc3 c6 4. Be3 d5 5. Qd2 dxe4 6. Nxe4 Bf5 7. Ng3 Nf6 8. Nxf5 gxf5 9. f3 Nd5 10. Bf2 h5 11. Nh3 Bh6 12. f4 Qd6 13. g3 Nd7 14. 0-0-0 N7f6 15. Bg2 Ne4 16. Qd3 Ndf6 17. Be3 0-0-0 18. Ng5 Bxg5 19. fxg5 Nd5 20. Bd2 Nxd2 21. Qxd2 e6 22. c4 Ne7 23. Qf2 h4 24. d5 hxg3 25. Qxa7 gxh2 26. dxc6 Qf4+ 27. Kb1 Rxd1+ 28. Rxd1 Nxc6 29. Bxc6 bxc6 30. Qa8+ Qb8 31. Qxc6+ Qc7 32. Qa8+ Qb8 33. Qc6+ Qc7 34. Qa8+ Qb8 35. Qc6+ 1/2-1/2

[Event "Niedersachsen-ch op-A"]
[Site "Verden an der Aller"]
[Date "2020.01.05"]
[Round "7"]
[White "Othmer, Michael"]
[Black "Schoengart, Ralf"]
[Result "0-1"]
[WhiteElo "1995"]
[BlackElo "2095"]
[PlyCount "82"]
[EventDate "2020.01.02"]
[EventType "swiss"]
[EventRounds "7"]
[EventCountry "GER"]
[SourceTitle "EXT 2023"]
[Source "ChessBase"]
[SourceDate "2022.10.05"]
[SourceVersion "1"]
[SourceVersionDate "2022.10.05"]
[SourceQuality "1"]

1. e4 d5 2. exd5 Nf6 3. d4 Qxd5 4. Nc3 Qa5 5. Bc4 Bf5 6. Nge2 c6 7. 0-0 e6 8. Ng3 Bg6 9. Bd2 Qc7 10. Bb3 h5 11. Qe2 Bd6 12. f4 Kf8 13. Nge4 Nbd7 14. Nxd6 Qxd6 15. Be3 Ng4 16. h3 Nxe3 17. Qxe3 Nf6 18. Qe5 Rd8 19. Qxd6+ Rxd6 20. Rad1 Bf5 21. Ne2 h4 22. c3 Ke7 23. Nc1 Rhd8 24. Kh2 a5 25. Ne2 b5 26. g4 Bxg4 27. hxg4 Nxg4+ 28. Kh3 Ne3 29. Kxh4 a4 30. Bc2 Nxc2 31. Rf3 b4 32. Rc1 b3 33. axb3 axb3 34. Kg3 Ra8 35. Rb1 Ra4 36. Nc1 c5 37. dxc5 Rd1 38. Rd3 Rf1 39. Rf3 Rh1 40. c4 Nd4 41. Nxb3 Nf5+ 0-1

[Event "Niedersachsen-ch op-A"]
[Site "Verden an der Aller"]
[Date "2020.01.03"]
[Round "4"]
[White "Boerma, Daniel"]
[Black "Othmer, Michael"]
[Result "0-1"]
[WhiteElo "1866"]
[BlackElo "1995"]
[PlyCount "84"]
[EventDate "2020.01.02"]
[EventType "swiss"]
[EventRounds "7"]
[EventCountry "GER"]
[SourceTitle "EXT 2023"]
[Source "ChessBase"]
[SourceDate "2022.10.05"]
[SourceVersion "1"]
[SourceVersionDate "2022.10.05"]
[SourceQuality "1"]

1. d4 Nf6 2. c4 g6 3. Nc3 d5 4. Bg5 Ne4 5. Nxe4 dxe4 6. Qd2 Bg7 7. e3 0-0 8. Ne2 c5 9. d5 h6 10. Bh4 Na6 11. Nc3 f5 12. Be2 Nc7 13. Rd1 Ne8 14. Bg3 Nd6 15. 0-0 Bd7 16. f3 exf3 17. gxf3 Qb6 18. Bd3 Rad8 19. Kh1 Qb4 20. Bxd6 exd6 21. Rg1 g5 22. Rg2 Rde8 23. Rdg1 Re7 24. f4 g4 25. h3 h5 26. hxg4 hxg4 27. Re1 Rf6 28. Kg1 Rh6 29. Ree2 Rh3 30. Rh2 Rhxe3 31. Rxe3 Rxe3 32. Rh5 b5 33. Rg5 Rg3+ 34. Kh2 Rh3+ 35. Kg2 bxc4 36. Bf1 Kf7 37. Rxg7+ Kxg7 38. Qe2 Kf7 39. Kg1 Rh8 40. Nd1 c3 41. Nxc3 Qxf4 42. Bg2 Re8 0-1

[Event "Niedersachsen-ch op-A"]
[Site "Verden an der Aller"]
[Date "2020.01.03"]
[Round "3"]
[White "Othmer, Michael"]
[Black "Harms, Friedjof"]
[Result "1/2-1/2"]
[WhiteElo "1995"]
[BlackElo "1852"]
[PlyCount "34"]
[EventDate "2020.01.02"]
[EventType "swiss"]
[EventRounds "7"]
[EventCountry "GER"]
[SourceTitle "EXT 2023"]
[Source "ChessBase"]
[SourceDate "2022.10.05"]
[SourceVersion "1"]
[SourceVersionDate "2022.10.05"]
[SourceQuality "1"]

1. c4 Nf6 2. Nc3 c5 3. Nf3 g6 4. d4 Bg7 5. g3 0-0 6. Bg2 d5 7. cxd5 Nxd5 8. e4 Nxc3 9. bxc3 Nc6 10. Be3 Bg4 11. e5 Qa5 12. 0-0 Rad8 13. h3 Bxf3 14. Qxf3 cxd4 15. cxd4 Nxd4 16. Bxd4 Rxd4 17. Qxb7 Bxe5 1/2-1/2

[Event "Niedersachsen-ch op-A"]
[Site "Verden an der Aller"]
[Date "2020.01.02"]
[Round "1"]
[White "Othmer, Michael"]
[Black "Behn, Cord"]
[Result "0-1"]
[WhiteElo "1995"]
[BlackElo "1827"]
[PlyCount "90"]
[EventDate "2020.01.02"]
[EventType "swiss"]
[EventRounds "7"]
[EventCountry "GER"]
[SourceTitle "EXT 2023"]
[Source "ChessBase"]
[SourceDate "2022.10.05"]
[SourceVersion "1"]
[SourceVersionDate "2022.10.05"]
[SourceQuality "1"]

1. c4 e5 2. Nc3 Nf6 3. Nf3 Nc6 4. d4 exd4 5. Nxd4 Bb4 6. Bg5 0-0 7. e3 a6 8. Be2 h6 9. Bh4 Bxc3+ 10. bxc3 Ne5 11. f3 d6 12. 0-0 Ng6 13. Bf2 Nd7 14. Qd2 Nc5 15. e4 f5 16. exf5 Bxf5 17. Rfe1 Qf6 18. Nxf5 Qxf5 19. Qd5+ Qxd5 20. cxd5 Rae8 21. Bxc5 dxc5 22. Bd3 Ne5 23. Be4 Nc4 24. Bg6 Re5 25. Bd3 Rxe1+ 26. Rxe1 Nd6 27. a4 b5 28. axb5 axb5 29. Rb1 c4 30. Bc2 Ra8 31. Bg6 Ra3 32. Rc1 Kf8 33. Kf2 Ke7 34. Ke3 b4 35. Kd4 b3 36. Re1+ Kf8 37. f4 Ra2 38. g3 Rxh2 39. Kc5 Ra2 40. Kc6 b2 41. Kxc7 Ra1 42. Bb1 Nb5+ 43. Kc6 Nxc3 44. d6 Ra6+ 45. Kc5 Nxb1 0-1

[Event "Niedersachsen-ch"]
[Site "Verden"]
[Date "2019.01.06"]
[Round "7"]
[White "Othmer, Michael"]
[Black "Hans, Julian"]
[Result "1/2-1/2"]
[WhiteElo "1998"]
[BlackElo "1849"]
[PlyCount "62"]
[EventDate "2019.01.03"]
[EventType "swiss"]
[EventRounds "7"]
[EventCountry "GER"]
[SourceTitle "EXT 2022"]
[Source "ChessBase"]
[SourceDate "2021.10.06"]
[SourceVersion "1"]
[SourceVersionDate "2021.10.06"]
[SourceQuality "1"]

1. Nf3 d5 2. g3 c5 3. Bg2 Nc6 4. 0-0 e6 5. d3 Nf6 6. Nbd2 Be7 7. e4 Qc7 8. Re1 b6 9. e5 Nd7 10. Qe2 Bb7 11. c3 0-0-0 12. a3 g5 13. Nf1 Rdg8 14. h3 h5 15. g4 hxg4 16. hxg4 d4 17. cxd4 Nxd4 18. Nxd4 Bxg2 19. Kxg2 cxd4 20. b4 Rh4 21. f3 Rgh8 22. Bb2 Kb8 23. Rac1 Qd8 24. Qe4 Nf8 25. Bxd4 Ng6 26. Be3 Qf8 27. Qc6 Qh6 28. Qc7+ Ka8 29. Qc6+ Kb8 30. Qc7+ Ka8 31. Qc6+ Kb8 1/2-1/2

[Event "Bad Harzburg op 13th"]
[Site "Bad Harzburg"]
[Date "2012.11.03"]
[Round "8"]
[White "Othmer, Michael"]
[Black "Rueggeberg, Jan"]
[Result "1-0"]
[WhiteElo "1986"]
[BlackElo "1874"]
[PlyCount "45"]
[EventDate "2012.10.30"]
[EventType "swiss"]
[EventRounds "8"]
[EventCountry "GER"]
[SourceTitle "EXT 2014"]
[Source "ChessBase"]
[SourceDate "2013.11.20"]
[SourceVersion "1"]
[SourceVersionDate "2013.11.20"]
[SourceQuality "1"]

1. Nf3 d6 2. g3 e5 3. d3 f5 4. Bg2 Nf6 5. 0-0 Be7 6. c4 0-0 7. Nc3 Qe8 8. b4 Qh5 9. Qb3 f4 10. c5+ Kh8 11. d4 Bh3 12. dxe5 Ng4 13. exd6 cxd6 14. Qd5 Qh6 15. Qxb7 Bxg2 16. Kxg2 Bg5 17. Qxa8 Nd7 18. Qb7 Nde5 19. h4 Nxf2 20. Nxe5 Qh5 21. Nf7+ Kg8 22. Nxg5 fxg3 23. Qd5+ 1-0

[Event "Bad Harzburg op 13th"]
[Site "Bad Harzburg"]
[Date "2012.11.01"]
[Round "4"]
[White "Othmer, Michael"]
[Black "Wiese, Uwe"]
[Result "1-0"]
[WhiteElo "1986"]
[BlackElo "1774"]
[PlyCount "47"]
[EventDate "2012.10.30"]
[EventType "swiss"]
[EventRounds "8"]
[EventCountry "GER"]
[SourceTitle "EXT 2014"]
[Source "ChessBase"]
[SourceDate "2013.11.20"]
[SourceVersion "1"]
[SourceVersionDate "2013.11.20"]
[SourceQuality "1"]

1. c4 f5 2. Nf3 Nf6 3. g3 e6 4. Bg2 Be7 5. 0-0 0-0 6. d3 d5 7. Nbd2 c6 8. b3 Nbd7 9. Bb2 Bd6 10. e4 fxe4 11. dxe4 dxe4 12. Ng5 Nc5 13. Ndxe4 Nfxe4 14. Nxe4 Nxe4 15. Bxe4 Bc7 16. Qh5 h6 17. Qg6 e5 18. Qh7+ Kf7 19. f4 Bh3 20. fxe5+ Bxf1 21. Rxf1+ Ke6 22. Qg6+ Rf6 23. Bf5+ Ke7 24. exf6+ 1-0

[Event "Oberliga Nord W 1112"]
[Site "Germany"]
[Date "2012.04.15"]
[Round "9.6"]
[White "Hoellmann, Ludger"]
[Black "Othmer, Michael"]
[Result "1/2-1/2"]
[WhiteElo "2143"]
[BlackElo "1931"]
[PlyCount "90"]
[EventDate "2011.10.02"]
[EventType "team-tourn"]
[EventRounds "9"]
[EventCountry "GER"]
[SourceTitle "EXT 2013"]
[Source "ChessBase"]
[SourceDate "2012.11.22"]
[SourceVersion "1"]
[SourceVersionDate "2012.11.22"]
[SourceQuality "1"]
[WhiteTeam "Nordhorn Blanke"]
[BlackTeam "Salzgitter"]
[WhiteTeamCountry "GER"]
[BlackTeamCountry "GER"]

1. d4 d5 2. c4 Nc6 3. e3 e5 4. Nf3 Bg4 5. dxe5 Nxe5 6. cxd5 Nf6 7. Nc3 c6 8. Be2 Bxf3 9. Bxf3 Nxf3+ 10. Qxf3 Nxd5 11. Nxd5 Qxd5 12. Qxd5 cxd5 13. Bd2 Bc5 14. Rc1 Bb6 15. Bc3 Kd7 16. Bxg7 Rhg8 17. Be5 Ke6 18. Bg3 d4 19. exd4 Bxd4 20. Ke2 Rac8 21. b3 Bb2 22. Rc4 Rxc4 23. bxc4 b6 24. Rd1 Rc8 25. Rd6+ Ke7 26. Kd3 b5 27. Rh6 bxc4+ 28. Kc2 Bf6 29. Rxh7 Rc5 30. Bh4 Re5 31. Bxf6+ Kxf6 32. Kd1 Ra5 33. Rh6+ Ke7 34. Rc6 Rxa2 35. Ke1 Ra4 36. h4 Kd7 37. Rf6 c3 38. Kd1 Ke7 39. Rf3 Rxh4 40. Rxc3 a5 41. Rc7+ Ke6 42. Ra7 Rh2 43. Ra6+ Ke7 44. Rxa5 Rxg2 45. Ke2 Rg4 1/2-1/2

[Event "Oberliga Nord W 1112"]
[Site "Germany"]
[Date "2011.11.20"]
[Round "3.7"]
[White "Belov, Igor"]
[Black "Othmer, Michael"]
[Result "1-0"]
[WhiteElo "2085"]
[BlackElo "1931"]
[PlyCount "75"]
[EventDate "2011.10.02"]
[EventType "team-tourn"]
[EventRounds "9"]
[EventCountry "GER"]
[SourceTitle "EXT 2013"]
[Source "ChessBase"]
[SourceDate "2012.11.22"]
[SourceVersion "1"]
[SourceVersionDate "2012.11.22"]
[SourceQuality "1"]
[WhiteTeam "Hameln"]
[BlackTeam "Salzgitter"]
[WhiteTeamCountry "GER"]
[BlackTeamCountry "GER"]

1. c4 Nf6 2. Nc3 g6 3. e4 d6 4. g3 Bg7 5. Bg2 0-0 6. Nge2 c5 7. 0-0 Nc6 8. d3 Rb8 9. h3 a6 10. f4 Bd7 11. Rb1 b5 12. b3 Qc8 13. Kh2 e6 14. Qd2 Ne7 15. Bb2 Bc6 16. g4 Qb7 17. Ng3 Nd7 18. Bh1 f5 19. gxf5 exf5 20. Nd5 Bxd5 21. Bxg7 Kxg7 22. Qb2+ Kg8 23. cxd5 Qc7 24. Rbe1 fxe4 25. dxe4 Nf6 26. Qd2 Rbd8 27. Rg1 Rd7 28. Bf3 Kg7 29. Qb2 Kh6 30. Rg2 Nexd5 31. Nh5 Ng8 32. exd5 Re7 33. Reg1 Re3 34. Qh8 Rxf3 35. Rxg6+ Kxh5 36. R1g5+ Kh4 37. Rg4+ Kh5 38. R6g5+ 1-0

[Event "Oberliga Nord W 0708"]
[Site "Germany"]
[Date "2008.01.20"]
[Round "5.8"]
[White "Othmer, Michael"]
[Black "Heinsohn, Thomas"]
[Result "0-1"]
[WhiteElo "1971"]
[BlackElo "2151"]
[PlyCount "86"]
[EventDate "2007.10.21"]
[EventType "team-tourn"]
[EventRounds "9"]
[EventCountry "GER"]
[SourceTitle "EXT 2009"]
[Source "ChessBase"]
[SourceDate "2008.11.26"]
[SourceVersion "1"]
[SourceVersionDate "2008.11.26"]
[SourceQuality "1"]
[WhiteTeam "Salzgitter"]
[BlackTeam "Delmenhorst"]
[WhiteTeamCountry "GER"]
[BlackTeamCountry "GER"]

1. e4 e6 2. d4 d5 3. Nc3 Nf6 4. Bg5 Be7 5. e5 Nfd7 6. Bxe7 Qxe7 7. f4 a6 8. Nf3 c5 9. Qd2 Nc6 10. Ne2 Nb6 11. b3 Bd7 12. c3 h5 13. g3 g6 14. Bg2 Rc8 15. h3 cxd4 16. Nfxd4 Nxd4 17. Qxd4 Qc5 18. Qxc5 Rxc5 19. Kd2 Ke7 20. g4 Nc8 21. a4 Na7 22. Bf3 hxg4 23. hxg4 Rxh1 24. Rxh1 g5 25. f5 Nc6 26. f6+ Kd8 27. Nd4 Nxe5 28. Rh8+ Be8 29. Be2 Kd7 30. Rg8 Rc8 31. Rxg5 Kd6 32. Rg8 Bd7 33. Rxc8 Bxc8 34. Ke3 Nd7 35. g5 Nc5 36. b4 Ne4 37. Bh5 Nxg5 38. Kf4 Ne4 39. Ne2 e5+ 40. Ke3 Be6 41. c4 Nxf6 42. c5+ Kc6 43. Bf3 a5 0-1

[Event "Niedersachsen-ch M"]
[Site "Verden"]
[Date "2008.01.05"]
[Round "9"]
[White "Othmer, Michael"]
[Black "Kaphle, Stephan"]
[Result "0-1"]
[WhiteElo "1971"]
[BlackElo "2147"]
[PlyCount "136"]
[EventDate "2008.01.02"]
[EventType "swiss"]
[EventRounds "9"]
[EventCountry "GER"]
[SourceTitle "CBM 122 Extra"]
[Source "ChessBase"]
[SourceDate "2008.03.04"]
[SourceVersion "1"]
[SourceVersionDate "2008.03.04"]
[SourceQuality "1"]

1. e4 c5 2. Nc3 d6 3. f4 Nc6 4. Nf3 Nf6 5. Bc4 e6 6. d3 Be7 7. 0-0 0-0 8. Kh1 d5 9. exd5 exd5 10. Bb3 Na5 11. Ne2 Nxb3 12. axb3 d4 13. Ng3 Re8 14. Re1 b6 15. Bd2 Bb7 16. Nf5 Bf8 17. Rxe8 Qxe8 18. Ne5 Qe6 19. Ng3 Bd6 20. Nf3 a5 21. Qf1 Qd5 22. Re1 Re8 23. Rxe8+ Nxe8 24. Qe2 Nf6 25. Kg1 h6 26. h3 Nh5 27. Nxh5 Qxh5 28. Kf2 Qf5 29. g4 Qf6 30. g5 hxg5 31. Nxg5 Bc6 32. Qg4 Be8 33. Ne4 Qe7 34. Kf3 Bc7 35. Be1 Bd7 36. Nf6+ Qxf6 37. Qxd7 Qxf4+ 38. Kg2 Kh7 39. Qg4 Kh6 40. Qh4+ Kg6 41. Qg4+ Kf6 42. Bh4+ g5 43. Bf2 Kg6 44. Qf3 f5 45. Qc6+ Kg7 46. Qd7+ Kf8 47. Qh7 Ke8 48. Qg8+ Kd7 49. Qd5+ Ke7 50. Qf3 Qxf3+ 51. Kxf3 Be5 52. Be1 Kd6 53. Bd2 Bf6 54. Bc1 Kd5 55. Bd2 Kc6 56. Bc1 Kd5 57. Bd2 Kc6 58. Be1 Kb5 59. Bg3 Kc6 60. Be1 Kb5 61. Bg3 Be7 62. Be1 a4 63. bxa4+ Kxa4 64. Bg3 b5 65. Bc7 b4 66. Be5 b3 67. c3 dxc3 68. Bxc3 Kb5 0-1

[Event "Niedersachsen-ch M"]
[Site "Verden"]
[Date "2008.01.04"]
[Round "6"]
[White "Othmer, Michael"]
[Black "Kaphle, Sebastian"]
[Result "0-1"]
[WhiteElo "1971"]
[BlackElo "2086"]
[PlyCount "78"]
[EventDate "2008.01.02"]
[EventType "swiss"]
[EventRounds "9"]
[EventCountry "GER"]
[SourceTitle "CBM 122 Extra"]
[Source "ChessBase"]
[SourceDate "2008.03.04"]
[SourceVersion "1"]
[SourceVersionDate "2008.03.04"]
[SourceQuality "1"]

1. d4 Nf6 2. c4 c5 3. d5 e6 4. Nc3 exd5 5. cxd5 d6 6. e4 g6 7. Bd3 Bg7 8. Nge2 0-0 9. f3 a6 10. a4 Nbd7 11. 0-0 Rb8 12. Ng3 Re8 13. f4 Qc7 14. Qf3 c4 15. Bc2 Nc5 16. h3 b5 17. axb5 axb5 18. Be3 b4 19. Nce2 Bb7 20. Nd4 Nfxe4 21. Nxe4 Nxe4 22. Nb5 Qd7 23. Ba4 Bxd5 24. Nc3 Bc6 25. Nxe4 Bxa4 26. Rxa4 Qxa4 27. Nxd6 Red8 28. Nxc4 Qb3 29. Ne5 Rbc8 30. Kh1 Qxb2 31. Qb7 Qb3 32. Bb6 Qd5 33. Nc6 Qxc6 34. Qxc6 Rxc6 35. Bxd8 b3 36. Re1 b2 37. Re8+ Bf8 38. Be7 b1Q+ 39. Kh2 Re6 0-1

[Event "Niedersachsen-ch M"]
[Site "Verden"]
[Date "2008.01.03"]
[Round "4"]
[White "Laubsch, Bernd"]
[Black "Othmer, Michael"]
[Result "1-0"]
[WhiteElo "2251"]
[BlackElo "1971"]
[PlyCount "89"]
[EventDate "2008.01.02"]
[EventType "swiss"]
[EventRounds "9"]
[EventCountry "GER"]
[SourceTitle "CBM 122 Extra"]
[Source "ChessBase"]
[SourceDate "2008.03.04"]
[SourceVersion "1"]
[SourceVersionDate "2008.03.04"]
[SourceQuality "1"]

1. e4 g6 2. d4 Bg7 3. Nc3 d6 4. Bg5 c5 5. d5 Nf6 6. Qd2 Qa5 7. f3 Bd7 8. Bh6 Bxh6 9. Qxh6 Na6 10. Nge2 b5 11. g4 b4 12. Nd1 Bb5 13. Qd2 h5 14. g5 Nd7 15. a4 Ne5 16. Kf2 Nc7 17. b3 Ba6 18. Ne3 0-0 19. f4 Nd7 20. Kg3 Ne8 21. Bh3 Qd8 22. Rhf1 f6 23. Be6+ Kg7 24. Kh4 fxg5+ 25. fxg5 Rxf1 26. Rxf1 Ne5 27. Rf2 Nc7 28. Nf4 Bc8 29. Nf5+ Kh7 30. Nh6 Bxe6 31. Nxe6 Nxe6 32. dxe6 Qc8 33. Qd5 Qc6 34. Rf7+ Kh8 35. Rxe7 Qxd5 36. exd5 Nf3+ 37. Kg3 Nxg5 38. Nf7+ Kg7 39. Nxg5+ Kf6 40. Rf7+ Kxg5 41. h4+ Kh6 42. Rd7 Rf8 43. Rxd6 Rf5 44. e7 Re5 45. Re6 1-0

[Event "Niedersachsen-ch"]
[Site "Bad Lauterberg"]
[Date "2003.04.17"]
[Round "8.4"]
[White "Abraham, Jan Willem"]
[Black "Othmer, Michael"]
[Result "1-0"]
[WhiteElo "1957"]
[BlackElo "1947"]
[PlyCount "57"]
[EventDate "2003.??.??"]
[EventType "swiss"]
[EventRounds "9"]
[EventCountry "GER"]
[SourceTitle "EXT 2004"]
[Source "ChessBase"]
[SourceDate "2003.11.25"]
[SourceVersion "1"]
[SourceVersionDate "2003.11.25"]
[SourceQuality "1"]

1. e4 c5 2. Nf3 d6 3. d4 cxd4 4. Nxd4 Nf6 5. Nc3 Nc6 6. Bc4 e6 7. Be3 Be7 8. Qe2 a6 9. 0-0-0 Qc7 10. Bb3 0-0 11. Rhg1 Nd7 12. g4 Nc5 13. g5 Bd7 14. Qh5 b5 15. Rg3 b4 16. Rh3 h6 17. Rg1 Be8 18. Nd5 Nxb3+ 19. axb3 Qd8 20. Nxc6 Bxc6 21. Bb6 Bxg5+ 22. Kb1 g6 23. Bxd8 gxh5 24. Bxg5 f5 25. Bf6+ Kh7 26. Rg7+ Kh8 27. Rf7+ Kg8 28. Rg7+ Kh8 29. Re7+ 1-0